000
00303nam a22001217a 4500
008
180222b xxu||||| |||| 00| 0 eng d
041
_a
eng
080
_a
33
100
_a
52
101
_a
ECO
245
_a
THE QUALITY AND ECONOMIC SIGNIFIANCE OF ANTICIPATIONS DAT
_c
HELLER.W.W
942
_2
udc
_c
BK
999
_c
43208
_d
43208